000 02373nam0a2200493 4500
001 RU\NLR\bibl\1789205
005 20260607062211.0
010 _a978-5-903360-40-6
_9500
021 _aRU
_b2011-45400
_93221
035 _a(nilc)LIBNET\0000143286
035 _a2VIL\RUSMED\0000189337
035 _a(NLR Aleph) 001779915
090 _a1691025
_c1691025
100 _a20110617d2011 |||y0rusy50 ca
101 0 _arus
102 _aRU
105 _aa |||||||||
200 1 _aТрадиционная медицина: политика и практика профессионализации
_f[В. Мансуров, О. Юрченко, Е. Ярская-Смирнова и др.]
_gпод ред. Е. Р. Ярской-Смирновой
210 _aМосква
_cВариант
_cЦСПГИ
_d2011
215 _a211 с.
_cил.
_d20
225 1 _aБиблиотека Журнала исследований социальной политики
300 _aАвт. указаны на обороте тит.л.
300 _aНа с. 211 авт.: Мансуров В.А., д.филос.н., проф., Юрченко О.В., к.социол.н., Ярская-Смирнова Е.Р., д.социол.н., проф. [и др.]
320 _aБиблиогр. в подстроч. примеч.
606 1 _aМЕДИЦИНА ТРАДИЦИОННАЯ
_2rus_mesh
_3R8676
606 1 _aMEDICINE, TRADITIONAL
_2rus_mesh
_3E8676
606 1 _aАльтернативная медицина
_92367338
_3RU\NLR\auth\661413225
686 _a76.35.49
_2rugasnti
686 _aE02.190.488
_v2011
_2MESH
686 _aI01.076.201.450.654
_v2011
_2MESH
686 _aР35
686 _aР11(2)2
701 1 _aМансуров
_bВ. А.
_gВалерий Андреевич
_4070
701 1 _aЮрченко
_bО. В.
_gОлеся Викторовна
_4070
701 1 _4070
_7ca
_8rus
_aЯрская-Смирнова
_bЕ. Р.
_f1963-
_gЕлена Ростиславовна
_9118425
_3RU\NLR\auth\778521
702 1 _4340
_7ca
_8rus
_aЯрская-Смирнова
_bЕ. Р.
_f1963-
_gЕлена Ростиславовна
_9118425
_3RU\NLR\auth\778521
801 0 _aRU
_bЦНМБ
_c20110617
_gPSBO
801 1 _aRU
_bЦНМБ
_c20110617
801 2 _aRU
_bЦНМБ
_c20110629
801 2 _aRU
_bNLR
_c20110715
_grcr
942 _cBOOK
980 _aNB
980 _aNBR